Το παρόν και το μέλλον των ελληνικών τραπεζών
Αποθηκεύτηκε σε:
| Κύριος συγγραφέας: | |
|---|---|
| Άλλοι συγγραφείς: | |
| Μορφή: | Βιβλίο |
| Γλώσσα: | Greek |
| Δημοσίευση: |
Αθήνα :
Ίδρυμα Οικονομικών και Βιομηχανικών Ερευνών,
1997.
|
| Σειρά: | Επίκαιρα θέματα
; 12. |
| Θέματα: | |
| Ετικέτες: |
Προσθήκη ετικέτας
Δεν υπάρχουν, Καταχωρήστε ετικέτα πρώτοι!
|
MARC
| LEADER | 00000cam a2200000 a 4500 | ||
|---|---|---|---|
| 001 | 1/119536 | ||
| 008 | 190711t1997####gr | ||| |||| ||gre|| | ||
| 020 | |a 9607536061 |q (χαρτόδετο) | ||
| 040 | |a GR-MyUa |b gre |c GR-MyUa |e AACR2 | ||
| 041 | 0 | |a gre | |
| 082 | 7 | |a 332.109495 |2 (23) | |
| 100 | 1 | |a Μόσχος, Δημήτρης. | |
| 245 | 1 | 3 | |a Το παρόν και το μέλλον των ελληνικών τραπεζών / |c Δ. Μόσχος και Δ. Φραγγέτης. |
| 260 | |a Αθήνα : |b Ίδρυμα Οικονομικών και Βιομηχανικών Ερευνών, |c 1997. | ||
| 300 | |a 87 σ. : |b πίν. ; |c 24 εκ. | ||
| 504 | |a Βιβλιογραφία: σ. 85-87. | ||
| 650 | 0 | |a Banks and banking |z Greece. | |
| 650 | 0 | |a Banks and banking |z European Union countries. | |
| 650 | 0 | |a Monetary policy. | |
| 700 | 1 | |a Φραγγέτης, Δ. | |
| 830 | 0 | |a Επίκαιρα θέματα |v ; 12. | |
| 852 | |a INST |b CHIOS |c TSAMOYRGELIS |e 20190711 |h 332.109495 ΜΟΣ |p 005200037655 |q 005200037655 |t BK |y 0 | ||
| 970 | |a Σπέντζα |b Ελένη |z 11-07-2019 | ||